Formulario notarial castellano del siglo XV
Պահպանված է:
| Հիմնական հեղինակ: | |
|---|---|
| Ձևաչափ: | Գիրք |
| Լեզու: | իսպաներեն |
| Հրապարակվել է: |
Madrid
Ministerio de Justicia y Consejo Superior de Investigaciones Científicas
1947
|
| Շարք: | Publicaciones del Instituto Nacional de Estudios Jurídicos. Serie 5ª: Textos Jurídicos Antiguos, 2
|
| Խորագրեր: | |
| Ցուցիչներ: |
Ավելացրեք ցուցիչ
Չկան պիտակներ, Եղեք առաջինը, ով նշում է այս գրառումը!
|
MARC
| LEADER | 00000nam a2200000 a 4500 | ||
|---|---|---|---|
| 001 | UCR1949 | ||
| 003 | CL-VaPUC | ||
| 008 | 980107e19470000SP |||||||||||||||||spa|d | ||
| 082 | 0 | 4 | |a 347.016 |b CUE |2 21 |
| 100 | 0 | |a Cuesta Gutiérrez, Luisa |e author |9 399516 | |
| 245 | 1 | 0 | |a Formulario notarial castellano del siglo XV |
| 300 | |a 206 p | ||
| 942 | |c BK | ||
| 945 | |d 19980107 00:00:00 |a cmena | ||
| 260 | |a Madrid |b Ministerio de Justicia y Consejo Superior de Investigaciones Científicas |c 1947 | ||
| 650 | 0 | |a Derecho notarial |9 326137 | |
| 650 | 0 | |a Instrumento público |9 384474 | |
| 650 | 7 | |a FORMULARIOS |2 CL-VaPUC |9 357440 | |
| 650 | 7 | |a PRONTUARIOS |2 CL-VaPUC |9 392215 | |
| 650 | 0 | |a Contratos |9 255153 | |
| 583 | |a last modification |c 19980107 00:00:00 |k Rodrigo Vera | ||
| 490 | 0 | |a Publicaciones del Instituto Nacional de Estudios Jurídicos. Serie 5ª: Textos Jurídicos Antiguos, 2 | |
| 999 | |c 265266 |d 265264 | ||
| 952 | |0 0 |1 0 |4 0 |6 347_016000000000000_CUE_1947 |7 0 |8 DER_HIS |9 296123 |a BIBDER |b BIBDER |d 2019-11-20 |i 1923455 |l 1 |o 347.016 CUE 1947 |p 1923455 |r 2023-01-25 |s 2020-03-19 |w 2019-11-20 |x Ubicación 4to Piso |y BK |z Estos recursos deben solicitarse con anticipación |k DER | ||